[Event "Nuoro Olbia Oristano Province-ch"]
[Site "Siniscola"]
[Date "2015.02.14"]
[Round "4"]
[White "Profera, Antonino"]
[Black "Talu, Alessandro"]
[Result "0-1"]
[WhiteElo "1446"]
[BlackElo "1551"]
[PlyCount "82"]
[EventDate "2015.02.07"]
[EventType "swiss"]
[EventRounds "7"]
[EventCountry "ITA"]
[SourceTitle "EXT 2017"]
[Source "ChessBase"]
[SourceDate "2016.10.25"]
[SourceVersion "1"]
[SourceVersionDate "2016.10.25"]
[SourceQuality "1"]

1. e4 e5 2. Nf3 Nc6 3. Bc4 Nf6 4. d3 Bc5 5. 0-0 d6 6. Ng5 0-0 7. Be3 h6 8. Nf3 Bg4 9. h3 Bh5 10. Nc3 Nd4 11. Bxd4 Bxd4 12. Qe1 Bb6 13. a4 a6 14. a5 Ba7 15. Nh4 Nh7 16. Nf5 Kh8 17. Kh1 Ng5 18. f4 exf4 19. Rxf4 Ne6 20. Bxe6 fxe6 21. Qh4 Qg5 22. Qxg5 hxg5 23. Rff1 exf5 24. exf5 Rae8 25. Nd5 c6 26. Nc7 Re2 27. Rac1 Bf7 28. f6 gxf6 29. Rxf6 Kg7 30. Rf5 Re5 31. Rf3 Re7 32. Nxa6 bxa6 33. Rcf1 Rfe8 34. c3 Bd5 35. Rg3 Be3 36. h4 Kh6 37. Rf6+ Kh5 38. Rh3 gxh4 39. c4 Bg5 40. Rxd6 Re1+ 41. Kh2 Bf4+ 0-1